000 00394nam a2200157Ia 4500
005 20260417150915.0
008 260417s9999||||xx |||||||||||||| ||und||
020 _a9781447314752
041 _aeng
100 _aWalker
245 0 _aNew dynamics of ageing
260 _bCambridge, Cambridge,
_c2022
650 _aMedia & Communication
856 _u10.46692/9781447314752
942 _cE-BOOK
999 _c50647
_d50647